000 00461nam a2200169Ia 4500
008 130318s9999 xx 000 0 und d
020 _a8170235251
082 _a511.3223 ZIM/F
100 _aZimmermann, H J
245 _aFuzzy set theory and it's applications
250 _a2
260 _bAllied Publications Publications Publications
_aNew Delhi
_c1996
300 _a399
650 _aARTIFICIAL INTELLIGENCE
650 _aFUZZY SETS
650 _aSET THEORY
999 _c446
_d446